Welcome to the Holygrace Academy Library

Please use search bar below to get started

SWARNAMAZHA (Record no. 8873)

MARC details
000 -LEADER
fixed length control field 00329nam a22001457a 4500
020 ## - INTERNATIONAL STANDARD BOOK NUMBER
ISBN 978-81-8267-740-1
082 ## - DEWEY DECIMAL CLASSIFICATION NUMBER
Classification number 894.812.3
Item number JOH/S
100 ## - MAIN ENTRY--AUTHOR NAME
Personal name JOHN, ELSY
245 ## - TITLE STATEMENT
Title SWARNAMAZHA
246 ## - VARYING FORM OF TITLE
Title proper/short title SWARNAMAZHA
Remainder of title SWARNAMAZHA
260 ## - PUBLICATION, DISTRIBUTION, ETC. (IMPRINT)
Place of publication INDIA
Name of publisher MATHRUBHUMI
Year of publication 2019
300 ## - PHYSICAL DESCRIPTION
Number of Pages 128
650 ## - SUBJECT ADDED ENTRY--TOPICAL TERM
Topical Term MALAYALAM STORY
942 ## - ADDED ENTRY ELEMENTS (KOHA)
Koha item type Books
Holdings
Withdrawn status Lost status Collection code Home library Current library Shelving location Date acquired Source of acquisition Cost, normal purchase price Full call number Accession Number Koha item type
    Fiction Main Library Main Library NEW SHELF WITH NEW ENTRY 06/04/2024 PURCHASED 175.00 894.812.3 JOH/S 13622 Books